书目信息 |
| 题名: |
齐燕铭印谱
|
|
| 作者: | 齐燕铭 刻 | |
| 分册: | ||
| 出版信息: | 上海 上海书画出版社 1982 |
|
| 页数: | 43页 | |
| 开本: | 22cm | |
| 丛书名: | ||
| 单 册: | ||
| 中图分类: | J292.47 | |
| 科图分类: | ||
| 主题词: | 印谱--中国--现代 | |
| 电子资源: | ||
| ISBN: | ||
| 000 | 00617nam0 2200241 45 | |
| 001 | 0182007425 | |
| 005 | 20040520110108.5 | |
| 010 | @dCNY1.10 | |
| 091 | @a8172.587 | |
| 100 | @a19950524d1982 em y0chiy0121 ea | |
| 101 | 0 | @achi |
| 102 | @aCN@b310000 | |
| 105 | @ay z 000yy | |
| 106 | @ar | |
| 200 | 10 | @a齐燕铭印谱@Aqi yan ming yin pu@f齐燕铭刻 |
| 210 | @a上海@c上海书画出版社@d1982 | |
| 215 | @a43页@d22cm | |
| 606 | @a印谱@y中国@z现代 | |
| 690 | @aJ292.47@v3 | |
| 701 | 0 | @a齐燕铭@Aqi yan ming@4刻 |
| 801 | 0 | @aCN@b上海图书馆@c20040520 |
| 801 | 2 | @aCN@bNLC@c20040520 |
| 905 | @f1@b207931@dJ292.47@e165 | |
| 齐燕铭印谱/齐燕铭刻.-上海:上海书画出版社,1982 |
| 43页;22cm |
| ISBN :CNY1.10 |
| ● |
| 相关链接 |
|
|
|
|
正题名:齐燕铭印谱
索取号:J292.47/165
 
预约/预借
| 序号 | 登录号 | 条形码 | 馆藏地/架位号 | 状态 | 备注 |
| 1 | 0207931 | 001210184 | 第一借阅区/ [索取号:J292.47/165] | 在馆 | |
| 2 | 0207932 | 001207571 | 第一样本阅览室/ [索取号:J292.47/165] | 在馆 |